Welcome to CU Library Online Public Access Catalogue (OPAC)

Law Reports of the Commonwealth 1999 Vol. 3 (Record no. 2317)

MARC details
000 -LEADER
fixed length control field 00823nam a22001457a 4500
005 - DATE AND TIME OF LATEST TRANSACTION
control field 20241216121227.0
008 - FIXED-LENGTH DATA ELEMENTS--GENERAL INFORMATION
fixed length control field 241216b |||||||| |||| 00| 0 eng d
020 ## - INTERNATIONAL STANDARD BOOK NUMBER
International Standard Book Number 9780406987882
245 ## - TITLE STATEMENT
Title Law Reports of the Commonwealth 1999 Vol. 3
260 ## - PUBLICATION, DISTRIBUTION, ETC.
Place of publication, distribution, etc. London, UK
Name of publisher, distributor, etc. Butterworths
Date of publication, distribution, etc. 1999
300 ## - PHYSICAL DESCRIPTION
Extent xxiv, 746 pages
Dimensions 24 cm
500 ## - GENERAL NOTE
General note General Editors: Read James S. Prof. LL.B. of Gray’s Inn, Barrister. Slinn Peter E. M.A., PhD., Solicitor, England and Wales. <br/><br/>Series Editor: Neville James BCL of King's Inn and of London's Inn, Barrister<br/><br/>Sub-editor: Emile LLB, LLM, Ian Law.<br/><br/>Editorial Consultant: Stafford Dianne, Director Legal and Constitutional Affairs Division, Commonwealth Secretariat.<br/><br/>Senior Production Manager: Christine Stone
650 ## - SUBJECT ADDED ENTRY--TOPICAL TERM
Source of heading or term Law Reports
General subdivision Commonwealth Nations
942 ## - ADDED ENTRY ELEMENTS (KOHA)
Source of classification or shelving scheme Library of Congress Classification
Koha item type Books
Suppress in OPAC No
999 ## -
-- 2317
-- 2317
Holdings
Withdrawn status Lost status Source of classification or shelving scheme Damaged status Not for loan Collection Home library Current library Shelving location Date acquired Total checkouts Full call number Barcode Date last seen Copy number Price effective from Koha item type
    Library of Congress Classification     Non-fiction Law Library (Miotso) Law Library (Miotso) General stacks 12/16/2024   LRC99 Vol. 3 LLM00001384 12/16/2024 1 12/16/2024 Books
© 2023-2024 Copyright: Central University Libraries. All Rights Reserved | Created by: Mahone Tech Office